banner

Hoy y mañana: (Registro nro. 1737)

000 -LEADER
fixed length control field 01928nam a2200265 a 4500
003 - CONTROL NUMBER IDENTIFIER
control field AR-BaISA
005 - DATE AND TIME OF LATEST TRANSACTION
control field 20250210170052.0
007 - PHYSICAL DESCRIPTION FIXED FIELD--GENERAL INFORMATION
fixed length control field ta
008 - FIXED-LENGTH DATA ELEMENTS--GENERAL INFORMATION
fixed length control field 250210s1999 ag ad||f |||| 000 0 spa d
020 ## - INTERNATIONAL STANDARD BOOK NUMBER
International Standard Book Number 9509970824
040 ## - CATALOGING SOURCE
Language of cataloging spa
Transcribing agency AR-BaISA
082 04 - DEWEY DECIMAL CLASSIFICATION NUMBER
Edition number 22
Classification number 362.830 982 Od5
245 00 - TITLE STATEMENT
Title Hoy y mañana:
Remainder of title salud y calidad de vida para la niñez argentina /
Statement of responsibility, etc. Alejandro O´donnell, Estebna Carmuega (Coordinadores)
260 ## - PUBLICATION, DISTRIBUTION, ETC.
Place of publication, distribution, etc. Buenos Aires:
Name of publisher, distributor, etc. Centro de Estudios Sobre Nutrición Infantil (CESNI),
Date of publication, distribution, etc. 1999
300 ## - PHYSICAL DESCRIPTION
Extent 297 p.:
Other physical details il., graf.
504 ## - BIBLIOGRAPHY, ETC. NOTE
Bibliography, etc. note Bibliografía al final de cada capítulo
505 ## - FORMATTED CONTENTS NOTE
Title Ricardo Schwarcz / Maternidad segura en la Argentina --
-- Miguel Larguia / La situación neonatológica en la Argentina "Los problemas no Verbalizados" --
-- Elsa Moreno / Morbimortalidad en la niñez --
-- María Luisa Ageitos / La lactancia materna --
-- Alejandro O´Donnell / Una visión de la problemática nutricional de los niños argentinos --
-- Esteban Carmuega / La calidad de dieta de los dos primeros años de vida --
-- Pablo Vinocur / Exclusión y pobreza: derechos y oportunidades perdidas de los niños --
-- Horacio Lejarraga y Cecilia Pascucci / Desarrollo psicomotor del niño --
-- Teresa Torrlava e Isabel Cugnasco / Estudios epidemiológicos sobre desarrollo infantil --
-- Elvira Calvo / Salud pública basada en la evidencia: ¿cuándo y cómo? --
-- Sergio Britos / La asistencia alimentaria en el contexto de las políticas orientadas a la infancia
650 14 - SUBJECT ADDED ENTRY--TOPICAL TERM
9 (RLIN) 2525
Topical term or geographic name entry element Salud materno-infantil
Geographic subdivision Argentina
650 14 - SUBJECT ADDED ENTRY--TOPICAL TERM
9 (RLIN) 2475
Topical term or geographic name entry element Desarrollo infantil
Form subdivision métodos epidemiológicos
651 14 - SUBJECT ADDED ENTRY--GEOGRAPHIC NAME
9 (RLIN) 3
Geographic name Argentina
Form subdivision salud pública
700 ## - ADDED ENTRY--PERSONAL NAME
9 (RLIN) 3586
Personal name O´Donnell, Alejandro
Relator term coord.
700 ## - ADDED ENTRY--PERSONAL NAME
9 (RLIN) 3587
Personal name Carmuega, Esteban
Relator term coord.
856 ## - ELECTRONIC LOCATION AND ACCESS
Uniform Resource Identifier https://cesni-biblioteca.org/wp-content/uploads/2018/11/72-salud-y-calidad-de-vida.pdf
Link text Acceda al material electrónico en texto completo
942 ## - ADDED ENTRY ELEMENTS (KOHA)
Source of classification or shelving scheme
Koha item type Libros
Edition 22
Existencias
Withdrawn status Lost status Source of classification or shelving scheme Damaged status Not for loan Permanent Location Current Location Date acquired Inventory number Full call number Barcode Date last seen Price effective from Koha item type
          Biblioteca ISALUD. Dr. Néstor Rodríguez Campoamor Biblioteca ISALUD. Dr. Néstor Rodríguez Campoamor 2025-02-10 5360 362.830 982 Od5 5360 2025-02-10 2025-02-10 Libros